Building better stamp clubs (Record no. 2913)

000 -LEADER
fixed length control field 00296nam a22001097a 4500
008 - FIXED-LENGTH DATA ELEMENTS--GENERAL INFORMATION
fixed length control field 181231b ||||| |||| 00| 0 eng d
100 ## - MAIN ENTRY--AUTHOR'S NAME
Author's Name Klug, Janet
245 ## - TITLE STATEMENT
Title Building better stamp clubs
260 ## - PUBLICATION, DISTRIBUTION, ETC. (IMPRINT)
Name of publisher, distributor, etc. American Philatelic Society
Date of publication, distribution, etc. 1996
650 ## - TOPICAL TERM (Tag)
Topical term or geographic name Organizations | MLC
700 ## - SECONDARY AUTHOR, EDITOR OR ILLUSTRATOR
Personal Name Lawrence, Linda
Holdings
Withdrawn status Lost status Source of classification or shelving scheme Damaged status Koha normalized classification for sorting Not for loan Permanent Location Current Location Shelving location Date acquired Total Checkouts Full call number Barcode Date last seen Copy number Price effective from
        G3200 A11 K66   Northern Philatelic Library Northern Philatelic Library General Stacks 12/31/2018   G3200 A11 K66 1005311 12/31/2018 1 12/31/2018

Powered by Koha